Responses for Show #7262 - Tuesday, March 22, 2016

Contestants

[<< previous game]

Claudia Stucke, a former writer and high school English teacher from Decatur, Georgia

Joshua Wennrich, a U.S. Air Force munitions officer originally from Canton, New York

Melissa Spencer, an adjunct physics instructor and stay-at-home mom from Des Moines, Iowa (whose 1-day cash winnings total $13,600)

[next game >>]

Jeopardy! Round responses

BESTSELLERS BY PARTIAL TITLE
MEDICAL MATTERS
I SING FOR THE TREES
THEIR MARRIED NAMES
IT'S POTPOURRI, "C"?
ADJECTIVES OF THE YOUNG AND THE RESTLESS
    $200 9
A Brief History of Time

Melissa
    $200 25
[The end-of-round-signal sounds.]

mad cow disease

Joshua
    $200 12
the old oak tree

Claudia
    $200 1
cricket

Joshua
    $200 17
accidental

Joshua
    $400 8
Fear of Flying

Claudia
    $400 15
botulism

Claudia
    $400 11
the hanging tree

Melissa
    $400 2
cuneiform

Melissa
    $400 18
ruthless

Claudia
    $600 5
Eats, Shoots & Leaves

Claudia
    $600 24
neurology

Joshua
    $600 13
a weeping willow

Joshua
    $600 3
Camaro

Joshua
    $600 19
mute

Claudia
    $800 6
The Agony and the Ecstasy

Claudia
    $800 22
(Alex: With less than a minute now.)

Lyme disease

Melissa
    $800 14
plastic trees

Triple Stumper
    $800 4
Cumberland

Joshua
    $800 20
(Joshua: What is ravenous?)

voracious

Joshua
Triple Stumper
    $1000 7
The Liars' Club

Triple Stumper
    $1,000 23
(Melissa: What is...?)
(Alex: Say something.)
(Melissa: What is anemia?)

hemophilia

Melissa
    $1000 16
the lemon tree

Melissa
    $1000 10
cirrus

Joshua
    $1000 21
(Alex: And I want to thank the members of The Young and the Restless cast. We tried to include as many of your favorites as possible.)

clean and sober

Joshua

Scores at the first commercial break (after clue 15):

Melissa Joshua Claudia
$1,000 $3,200 $2,400

Scores at the end of the Jeopardy! Round:

Melissa Joshua Claudia
$1,800 $4,400 $3,400

Double Jeopardy! Round responses

FOLLOW THE LEADER
DUCK, DUCK, GOOSE!
HOT POTATO
CAPTURE THE FLAG
"TAG", YOU'RE IT
NO MORE GAMES
    $400 30
Golda Meir

Joshua
    $400 29
(Joshua: What is a...?)

diving duck

Joshua
Triple Stumper
    $400 28
hash browns

Joshua
    $400 1
Florida

Claudia
    $400 2
ragtag

Claudia
    $400 3
Derek Jeter

Melissa
    $800 15
Earl Grey

Melissa
    $800 7
Drake

Melissa
    $800 24
(Claudia: What are potatoes?)
(Alex: Be more specific.)
(Claudia: [*], piped around--)

whipped potatoes

Claudia
    $1,500 4
South Korea

Melissa
    $800 11
antagonize

Joshua
    $800 20
Brett Favre

Melissa
    $1200 14
Albert II

Joshua
    $1200 8
(Joshua: What is Titicaca?)

the Himalayas

Joshua
Triple Stumper
    $1200 25
gnocchi

Claudia
    $1200 5
Finland

Joshua
    $1200 6
(Joshua: What is fettuccine?)
(Melissa: What is linguini?)

tagliatelle

MelissaJoshua
Triple Stumper
    $1200 21
(Alex: [*]. My hero.)

Gordie Howe

Joshua
    $1600 13
Pinochet

Melissa
    $1600 9
mallard

Claudia
    $1600 26
scalloped potatoes

Claudia
    $1600 12
(Claudia: What is Texas?)

Nevada

Claudia
Triple Stumper
    $1600 17
(Joshua: What is the Reichstag?)

Bundestag

Joshua
Triple Stumper
    $1600 22
Michael Jordan

Joshua
    $2,000 16
(Melissa: Who is Victoria?)

Mary, Queen of Scots (Mary Stuart)

Melissa
    $2000 10
nene

Melissa
    $2000 27
Yukon Gold

Melissa
    $2000 19
Algeria

Claudia
    $2000 18
Tagalog

Melissa
    $2000 23
(Alex: Mr. October. Right.)

Reggie Jackson

Joshua

Scores at the end of the Double Jeopardy! Round:

Melissa Joshua Claudia
$10,500 $8,800 $9,800

[wagering suggestions for these scores]

Final Jeopardy! Round responses

CLASSIC CHILDREN'S BOOK CHARACTERS
(Alex: First, it helps if you know the Italian word for a newborn.)
...
(Alex: [To Claudia] The Italian word is bambino.)
JoshuaWho is Winnie the Pooh
$8,000
ClaudiaWho is Bambi?
$9,000
MelissaWho is Gretel?
$8,101
Bambi

Final scores:

Melissa Joshua Claudia
$2,399 $800 $18,800
2nd place: $2,000 3rd place: $1,000 New champion: $18,800

Game dynamics:

Coryat scores:

Melissa Joshua Claudia
$12,800 $8,800 $9,800
14 R
(including 1 DD),
3 W
(including 2 DDs)
17 R,
5 W
14 R,
1 W

Combined Coryat: $31,400

[game clues] [game scores] [suggest correction]

Game tape date: 2016-02-02
The J! Archive is created by fans, for fans. Scraping, republication, monetization, and malicious use prohibited; this site may use cookies and collect identifying information. See terms. The Jeopardy! game show and all elements thereof, including but not limited to copyright and trademark thereto, are the property of Jeopardy Productions, Inc. and are protected under law. This website is not affiliated with, sponsored by, or operated by Jeopardy Productions, Inc. Join the discussion at JBoard.tv.